000 00788nam0a22002411 4500
001 rc\141521
005 20260406152534.0
010 _a5-87704-002-2
_9100000
035 _a(NLR Aleph) 005412898
090 _a7392864
_c7392864
100 _a20030307d1992 |||y0rusy50 ca
101 0 _arus
102 _aRU
105 _aa |||||||||
200 1 _aМаугли
_eПовесть-сказка
_eПер. с англ.
_e[Для детей]
_fР. Киплинг
_g[Худож. И. Файрушин]
210 _aУфа
_cИнициал
_d1992
215 _a219, [2] с.
_cил.
_d20
700 1 _8rus
_7ca
_aКиплинг
_bР.
_f1865-1936
_gРедьярд
_3RU\NLR\auth\775969
_9115925
801 0 _aRU
_bNLR
_gpsbo
801 1 _aRU
_bELAR
_2rusmarc
852 _aNLR
_j92-3/2470
942 _cBOOK
980 _aNB